000 01564nam0a22003131 4500
001 rc\3449986
005 20260405092254.0
035 _a(NLR Aleph) 007880524
090 _a7915022
_c7915022
100 _a20130115d1970 |||y0rusy50 ca
101 0 _arus
102 _aRU
105 _aab z |||||
200 1 _aОсвобождение Юго-Восточной и Центральной Европы войсками 2-го и 3-го Украинских фронтов. (1944-1945)
_fПод общ. ред. Маршала Советского Союза М.В. Захарова
210 _aМосква
_cНаука
_d1970
215 _a676 с., 8 л. карт.
_cил., карт.
_d22
225 1 _a[Вторая мировая война в исследованиях, воспоминаниях, документах]
300 _aНа обороте тит. л. авт.: И.В. Агибалов, В.А. Анфилов, Маршал Советского Союза С.С. Бирюзов и др.
320 _aУказатель имен: с. 664-675
701 1 _aАгибалов
_bИ.В.
701 1 _aАнфилов
_bВ.А.
701 1 _4080
_7ca
_8rus
_aБирюзов
_bС. С.
_f1904-1964
_gСергей Семенович
_9259313
_3RU\NLR\AUTH\770259369
702 1 _4340
_8rus
_7ca
_aЗахаров
_bМ. В.
_cвоен. деятель
_f1898-1972
_gМатвей Васильевич
_3RU\NLR\AUTH\7733428
_916436
801 0 _aRU
_bNLR
_gpsbo
801 1 _aRU
_bELAR
_2rusmarc
852 _aNLR
_j70-5/2864
942 _cBOOK
980 _aNB